Chad and the big egg / (Record no. 9106)

MARC details
000 -LEADER
fixed length control field 00830nam a22002777a 4500
001 - CONTROL NUMBER
control field 9106
003 - CONTROL NUMBER IDENTIFIER
control field FISKH
005 - DATE AND TIME OF LATEST TRANSACTION
control field 20251125101001.0
008 - FIXED-LENGTH DATA ELEMENTS--GENERAL INFORMATION
fixed length control field 251121b cb ||||| |||| 00| 0 eng d
020 ## - INTERNATIONAL STANDARD BOOK NUMBER
International Standard Book Number 9780618285709
040 ## - CATALOGING SOURCE
Original cataloging agency FISKH
Language of cataloging eng
Transcribing agency FISKH
Modifying agency FISKH
050 ## - LIBRARY OF CONGRESS CALL NUMBER
Classification number PE1119.H698 G
082 ## - DEWEY DECIMAL CLASSIFICATION NUMBER
Classification number 028
100 ## - MAIN ENTRY--PERSONAL NAME
Personal name McDonald, Tara
Relator term Author
245 ## - TITLE STATEMENT
Title Chad and the big egg /
Statement of responsibility, etc. by Tara McDonald ; illustrated by Susan Gal
260 ## - PUBLICATION, DISTRIBUTION, ETC.
Place of publication, distribution, etc. Boston :
Name of publisher, distributor, etc. Houghton Mifflin ,
Date of publication, distribution, etc. 2004
300 ## - PHYSICAL DESCRIPTION
Extent 12 pages :
Other physical details color illustrations ;
Dimensions 21 cm
505 ## - FORMATTED CONTENTS NOTE
Formatted contents note E<br/>
520 ## - SUMMARY, ETC.
Summary, etc. Chad finds a very large egg. When it hatches he helps the new baby find its family.
521 8# - TARGET AUDIENCE NOTE
Target audience note 200<br/>
Source Lexile<br/>
521 8# - TARGET AUDIENCE NOTE
Target audience note E<br/>
Source Raz-Plus<br/>
650 ## - SUBJECT ADDED ENTRY--TOPICAL TERM
Topical term or geographic name entry element Children
Form subdivision Animals
700 ## - ADDED ENTRY--PERSONAL NAME
Personal name Gal, Susan
Relator term Illustrator
942 ## - ADDED ENTRY ELEMENTS (KOHA)
Source of classification or shelving scheme Dewey Decimal Classification
Koha item type Books
Suppress in OPAC No
Holdings
Withdrawn status Lost status Source of classification or shelving scheme Damaged status Not for loan Collection Home library Current library Shelving location Date acquired Total Checkouts Full call number Barcode Date last seen Date last checked out Copy number Price effective from Koha item type
    Library of Congress Classification     Juvenile Fiction Footprints International School Library Network Toul Tom Poung Campus Footprints International School Library Network Toul Tom Poung Campus TTP Primary Green Bookshelves 11/21/2025 1 MCD 028 PE1119.H698 G FISBK04250 01/08/2026 12/01/2025 1 11/21/2025 Books